| 000 | 00577nam a2200193Ia 4500 | ||
|---|---|---|---|
| 005 | 20250326144858.0 | ||
| 008 | 250326s9999 xx 000 0 und d | ||
| 020 | _a81-7629-700-3 | ||
| 037 | _aTextbook | ||
| 040 |
_aFMSL _beng _cFMSL |
||
| 041 |
_aeng _2eng |
||
| 084 |
_aX:8obT P5 _qFMSL |
||
| 100 | _aArya P P Ed. | ||
| 245 | 0 |
_aQuality of management education : challenge of changing scenario _cArya P P Ed.; Chadha S K |
|
| 260 |
_aNew Delhi _bNew Delhi, Deep & Deep _c2005 |
||
| 300 | _axiv,462 | ||
| 942 |
_cTB _hX:8obT P5 |
||
| 999 |
_c1305436 _d1305436 |
||